000 00493cam a2200217 4500
001 D3894
008 090401t1983 xxu||||| |||| 00| 0 eng d
035 _a(Sirsi) u80421
041 _aeng
050 _a306.1
110 _aFox and Sons
_93519
245 3 _aAn index of house prices.
260 _aExeter
_bFox and Sons
_c1983
300 _a40p. ; 30cm.
350 _a0
650 _aHOUSE PRICES
690 _aHOUSING
700 _aOliver, F.R.
942 _n0
948 _c21/08/1997
999 _c96619
_d96619